Premis d'Espais i Equipaments Municipals de Qualitat [Recurs electrònic] / Diputació de Barcelona. Xarxa de Municipis
Descripción Física:
1 disc òptic (CD-ROM) ; 15 cm
MARC
| LEADER | 00000nam a2200000Ia 4500 | ||
|---|---|---|---|
| 001 | 18146 | ||
| 008 | 160829s2002 xx 000 0 cat d | ||
| 017 | |a DL B. 38454 | ||
| 080 | |a CD-2-17 | ||
| 110 | 1 | |a Barcelona (Catalunya : Província). |b Diputació |9 52408 | |
| 245 | |a Premis d'Espais i Equipaments Municipals de Qualitat [Recurs electrònic] / Diputació de Barcelona. Xarxa de Municipis | ||
| 260 | |a Barcelona: |b Diputació , |c 2002 | ||
| 300 | |a 1 disc òptic (CD-ROM) ; |c 15 cm | ||
| 590 | |a Títol obtingut de la superfície del disc | ||
| 650 | 0 | |a Equipaments col·lectius |z Barcelona (Catalunya : Província) |9 33202 | |
| 650 | |a Equipaments col·lectius |x Avaluació |9 38135 | ||
| 901 | |a Arxiu | ||
| 942 | |n 1 | ||
| 952 | |0 0 |1 0 |4 0 |6 CD217 |7 1 |9 48283 |a Arxiu |b Arxiu |d 2016-12-01 |l 0 |o CD-2-17 |p 18146 |r 2016-12-01 00:00:00 |w 2016-12-01 |y ARXIU | ||
| 999 | |c 52089 |d 52089 | ||